Ông nghè Phú Thị, từ kiến trúc sư tài ba đến vị thần thủ đền /

保存先:
書誌詳細
第一著者: Phạm Lan Oanh.
その他の著者: .
フォーマット: 論文
言語:Vietnamese
タグ: タグ追加
タグなし, このレコードへの初めてのタグを付けませんか!
Thư viện lưu trữ: Thư viện Trường Đại học Đà Lạt
LEADER 00694nam a2200241 4500
001 DLU120143231
005 ##20121030
040 # # |a DLU  |b vie 
041 # # |a vie 
044 # # |a vn 
100 # # |a Phạm Lan Oanh. 
245 # # |a Ông nghè Phú Thị, từ kiến trúc sư tài ba đến vị thần thủ đền /  |c Phạm Lan Oanh. 
700 # # |a . 
773 # # |t Thông báo Văn hóa 2010,   |g  2011, tr. 250-261 
920 # # |a Phòng Tạp chí -- Trung tâm Thông tin - Thư viện Trường Đại học Đà Lạt 
994 # # |a DLU 
900 # # |a True 
911 # # |a Nguyễn Thị Mai Anh 
925 # # |a G 
926 # # |a A 
927 # # |a BB 
980 # # |a Thư viện Trường Đại học Đà Lạt